header

Positive discipline in the Classroom (Record no. 265190)

MARC details
000 -LEADER
fixed length control field 01800cam a22004094a 4500
001 - CONTROL NUMBER
control field 14163750
003 - CONTROL NUMBER IDENTIFIER
control field OSt
005 - DATE AND TIME OF LATEST TRANSACTION
control field 20251114105452.0
008 - FIXED-LENGTH DATA ELEMENTS--GENERAL INFORMATION
fixed length control field 051102s2006 nyu b 001 0 eng
010 ## - LIBRARY OF CONGRESS CONTROL NUMBER
LC control number 2005057047
020 ## - INTERNATIONAL STANDARD BOOK NUMBER
International Standard Book Number 0761524215
International Standard Book Number 9780345487674
035 ## - SYSTEM CONTROL NUMBER
System control number 14163750
System control number (OCoLC)62282748
040 ## - CATALOGING SOURCE
Original cataloging agency DLC
Transcribing agency DLC
Modifying agency YDX
-- BAKER
-- OCO
-- DLC
042 ## - AUTHENTICATION CODE
Authentication code pcc
050 00 - LIBRARY OF CONGRESS CALL NUMBER
Classification number HQ770.4
Item number .N43 2000
082 00 - DEWEY DECIMAL CLASSIFICATION NUMBER
Classification number 649/.64
Edition number 22
100 1# - MAIN ENTRY--PERSONAL NAME
Personal name Nelsen, Jane.
245 10 - TITLE STATEMENT
Title Positive discipline in the Classroom
Statement of responsibility, etc Jane Nelsen.
Remainder of title Developing Mutual Respect, Cooperation ,and Responsibility in Your Classroom.
250 ## - EDITION STATEMENT
Edition statement Revised 3rd edition.
260 ## - PUBLICATION, DISTRIBUTION, ETC. (IMPRINT)
Place of publication, distribution, etc New York :
Name of publisher, distributor, etc Ballantine Books,
Date of publication, distribution, etc 2000
300 ## - PHYSICAL DESCRIPTION
Extent xxvi, 349 p. ;
Dimensions 21 cm.
336 ## - CONTENT TYPE
Content type term text
Content type code txt
Source rdacontent
337 ## - MEDIA TYPE
Media type term unmediated
Media type code n
Source rdamedia
338 ## - CARRIER TYPE
Carrier type term volume
Carrier type code nc
Source rdacarrier
500 ## - GENERAL NOTE
General note "Originally published in a different form by Sunrise Press, Fair Oaks, California, in 1981. First revised edition published by Ballantine Books, a division of Random House, Inc., in 1987"--T.p. verso.
504 ## - BIBLIOGRAPHY, ETC. NOTE
Bibliography, etc Includes bibliographical references (p. [335]-342) and index.
650 #0 - SUBJECT ADDED ENTRY--TOPICAL TERM
Topical term or geographic name as entry element Discipline of children.
856 42 - ELECTRONIC LOCATION AND ACCESS
Materials specified Publisher description
Uniform Resource Identifier <a href="http://www.loc.gov/catdir/enhancements/fy0634/2005057047-d.html">http://www.loc.gov/catdir/enhancements/fy0634/2005057047-d.html</a>
Materials specified Sample text
Uniform Resource Identifier <a href="http://www.loc.gov/catdir/enhancements/fy0643/2005057047-s.html">http://www.loc.gov/catdir/enhancements/fy0643/2005057047-s.html</a>
Materials specified Contributor biographical information
Uniform Resource Identifier <a href="https://www.loc.gov/catdir/enhancements/fy1616/2005057047-b.html">https://www.loc.gov/catdir/enhancements/fy1616/2005057047-b.html</a>
906 ## - LOCAL DATA ELEMENT F, LDF (RLIN)
a 7
b cbc
c orignew
d 1
e ocip
f 20
g y-gencatlg
942 ## - ADDED ENTRY ELEMENTS (KOHA)
Source of classification or shelving scheme Library of Congress Classification
Koha item type Long Loan Books
Holdings
Withdrawn status Lost status Source of classification or shelving scheme Damaged status Not for loan Collection code Home library Current library Shelving location Date acquired Total Checkouts Full call number Barcode Date last seen Price effective from Koha item type
    Library of Congress Classification     Non-fiction Rongo University Library Rongo University Library General Stacks 14/11/2025   HQ770.4 .N43 2000 20261005 14/11/2025 14/11/2025 Long Loan Books

© 2026 Rongo University
Contact us: librarian | system librarian | Rongo university